Baptized in one spirit: (Record no. 5759)

000 -LEADER
fixed length control field 00625nam a2200181 a 4500
001 - CONTROL NUMBER
control field :::00003501$&:&@@
003 - CONTROL NUMBER IDENTIFIER
control field OkBaRHE
005 - DATE AND TIME OF LATEST TRANSACTION
control field 20000607103306.0
008 - FIXED-LENGTH DATA ELEMENTS--GENERAL INFORMATION
fixed length control field s1967 j 000 0 eng u
040 ## - CATALOGING SOURCE
Transcribing agency
100 1# - MAIN ENTRY--PERSONAL NAME
Personal name Baker, John P., 1936-
245 10 - TITLE STATEMENT
Title Baptized in one spirit:
Remainder of title the meaning of 1 Corinthians 12:13.
260 ## - PUBLICATION, DISTRIBUTION, ETC. (IMPRINT)
Place of publication, distribution, etc Plainfield, NJ., :
Name of publisher, distributor, etc Logos Books
Date of publication, distribution, etc 1967
300 ## - PHYSICAL DESCRIPTION
Extent 24 p. ;
Dimensions 19 cm.
650 ## - SUBJECT ADDED ENTRY--TOPICAL TERM
Topical term or geographic name as entry element Bible New Testament 1 Corinthians 12:13
General subdivision Criticism, Interpretation, etc.
942 ## - ADDED ENTRY ELEMENTS (KOHA)
Source of classification or shelving scheme
Koha item type Books
Copies
Not for loan Source of classification or shelving scheme Full call number Withdrawn status Barcode Lost status Date acquired Damaged status Copy number Date last seen Permanent Location Price effective from Koha item type Shelving location
  BS 2675.2 .B32 3501 2010-04-14 12018-03-28RHEMA Bible Training College2010-04-14BooksGeneral Stacks